| 000 | 00916nam a2200277Ia 4500 | ||
|---|---|---|---|
| 999 |
_c8017 _d8017 |
||
| 001 | 39279596 | ||
| 003 | OSt | ||
| 005 | 20190329140725.0 | ||
| 008 | 990303s1997 ii 000 0 eng d | ||
| 020 | _a8174750088 | ||
| 035 | _atcgc265678 | ||
| 040 |
_aKAT _cKAT _dLTS |
||
| 082 |
_a266 _bH455R |
||
| 090 |
_aBV2073 _b.H44 1997 |
||
| 100 | 1 | _aHedlund, Roger E. | |
| 245 | 1 | 0 |
_aRoots of the great debate in mission : _bmission in historical and theological perspective / _cRoger E. Hedlund. |
| 250 | _aRev. and enl., 3rd ed. | ||
| 260 |
_aBangalore, India : _bTheological Book Trust, _c1997. |
||
| 300 |
_ax, 511 p. ; _c23 cm. |
||
| 504 | _aIncludes bibliographical references (p. 485-511). | ||
| 650 | 0 |
_aMission of the church _xBiblical teaching. |
|
| 650 | 0 |
_aMissions _xBiblical teaching. |
|
| 650 | 0 |
_aMission of the church _xBiblical teaching. |
|
| 650 | 0 |
_aMissions _xBiblical teaching. |
|
| 942 |
_2ddc _cBK |
||